| 000 | 00000nam##2200000za#4500 |
| 001 | 9.524299 |
| 003 | CaOODSP |
| 005 | 20200327091559 |
| 007 | ta |
| 008 | 150406|1994||||xxc||||| f|0| 0 fre|d |
| 020 | |a0-662-61239-6 |
| 040 | |aCaOODSP|bfre |
| 041 | |aeng |
| 041 | |afre |
| 043 | |an-cn--- |
| 086 | 1 |aSC94-61/1994 |
| 110 | 1 |aCanada.|bCentre canadien de gestion. |
| 245 | 10|aLes mères au travail : |bconcilier la vie professionnelle et la vie familiale / |cpar Catherine Lee et al. |
| 260 | |aOttawa - Ontario : |bCentre canadien de gestion |c1994. |
| 300 | |aTexte français, x, 44p. : |btableaux ; |c28 cm. |
| 490 | 1 |aRapport de recherche|vN° 15 |
| 500 | |a«Le présent rapport présente les résultats d'une étude fondée sur des entrevues menées auprès de 300 mères à l'emploi de la fonction publique fédérale dans la région de la capitale nationale. Le but principal de l'étude était de déterminer de quelle façon les mères au travail parviennent à concilier leur vie professionnelle et leur vie familiale.»--Sommaire. |
| 504 | |aBibliographie. |
| 520 | 3 |aLe présent rapport présente les résultats d'une étude fondée sur des entrevues menées auprès de 300 mères à l'emploi de la fonction publique fédérale dans la région de la capitale nationale. Le but principal de l'étude était de déterminer de quelle façon les mères au travail parviennent à concilier leur vie professionnelle et leur vie familiale.--Sommaire |
| 546 | |aBilingue |
| 563 | |aCouverture souple |
| 590 | |a94-46|b1994-11-18 |
| 691 | 07|aTravail|2gcpds |
| 691 | 07|aFamille|2gcpds |
| 691 | 07|aFemme|2gcpds |
| 720 | 1 |aLee, Catherine |
| 776 | 0#|tEmployed mothers |w(CaOODSP)9.572881 |
| 776 | 0#|tLes mères au travail : |w(CaOODSP)9.603128 |
| 791 | |tEmployed mothers : |eeng|w(CaOODSP)9.524298 |
| 830 | #0|aRapport de recherche ;|vN° 15|w(CaOODSP)9.509635 |
| 986 | |aP39F |